000 00237nam a2200109Ia 4500
999 _c6560
_d6560
020 _a978-8126531196
100 _aDavid A. Decenzo
245 0 _aHuman Resource Management
260 _aUSA
_bJohn Wiley
_c2002
300 _a460
942 _cBK